Southville International School and Colleges
Your cart is empty.
  • Cart
  • Lists
    Public lists Eva Luna New books Lux_list list_1
    Your lists Log in to create your own lists
  • Log in to your account
  • Your cookies
  • Search history
Southville International School and Colleges
  • Advanced search
  • Recent comments
  • Most popular
  • Libraries

Log in to your account

Log in with GOOGLE


If you do not have an external account, but do have a local account, you can still log in:

  1. Home
  2. MARC view: Health care for infants and toddlers /
Normal view MARC view ISBD view

Health care for infants and toddlers / (Record no. 9347)

[ view plain ]
MARC details
000 -LEADER
fixed length control field 00869nam a22002537a 4500
003 - CONTROL NUMBER IDENTIFIER
control field SISC
005 - DATE AND TIME OF LATEST TRANSACTION
control field 20160204090943.0
008 - FIXED-LENGTH DATA ELEMENTS--GENERAL INFORMATION
fixed length control field 130824t xxu||||| |||| 00| 0 eng d
020 ## - INTERNATIONAL STANDARD BOOK NUMBER
International Standard Book Number 9781590845752
050 ## - LIBRARY OF CONGRESS CALL NUMBER
Classification number RJ 101.7
Item number .T47 2001
082 ## - DEWEY DECIMAL CLASSIFICATION NUMBER
Classification number HS 618.92
Item number .K28 2001
100 ## - MAIN ENTRY--PERSONAL NAME
Personal name Thoennes Keller, Kristin.
9 (RLIN) 10282
245 ## - TITLE STATEMENT
Title Health care for infants and toddlers /
Statement of responsibility, etc Kristin Thoennes Keller.
260 ## - PUBLICATION, DISTRIBUTION, ETC. (IMPRINT)
Place of publication, distribution, etc Minnesota :
Name of publisher, distributor, etc Life Matters,
Date of publication, distribution, etc c2001.
300 ## - PHYSICAL DESCRIPTION
Extent 64 p. :
Other physical details ill, ;
Dimensions 24 cm.
500 ## - GENERAL NOTE
General note includes bibliographical and index.
562 ## - COPY AND VERSION IDENTIFICATION NOTE
Number of copies 1
650 ## - SUBJECT ADDED ENTRY--TOPICAL TERM
Topical term or geographic name as entry element Infants.
General subdivision Care.
-- Juvenile Literature.
9 (RLIN) 13311
650 ## - SUBJECT ADDED ENTRY--TOPICAL TERM
Topical term or geographic name as entry element Toddlers.
General subdivision Care.
-- Juvenile Literature
9 (RLIN) 13312
650 ## - SUBJECT ADDED ENTRY--TOPICAL TERM
Topical term or geographic name as entry element Infants.
General subdivision Health and hygiene.
-- Juvenile Literature
9 (RLIN) 13313
650 ## - SUBJECT ADDED ENTRY--TOPICAL TERM
Topical term or geographic name as entry element Toddlers.
General subdivision Health and Hygiene.
-- Juvenile Literature
9 (RLIN) 13314
942 ## - ADDED ENTRY ELEMENTS (KOHA)
Source of classification or shelving scheme Library of Congress Classification
Koha item type Books
Holdings
Withdrawn status Lost status Source of classification or shelving scheme Damaged status Home library Current library Shelving location Date acquired Total Checkouts Full call number Barcode Date last seen Copy number Price effective from Koha item type
    Library of Congress Classification   Luxembourg Library Luxembourg Library High School Section 08/24/2013   RJ 101.7 .T47 2001 17209 06/20/2017 1 08/24/2013 Books

Health care for infants and toddlers /

APA

Thoennes Keller K., . (2001). Health care for infants and toddlers. Minnesota: Life Matters.

Chicago

Thoennes Keller Kristin, . 2001. Health care for infants and toddlers. Minnesota: Life Matters.

Harvard

Thoennes Keller K., . (2001). Health care for infants and toddlers. Minnesota: Life Matters.

MLA

Thoennes Keller Kristin, . Health care for infants and toddlers. Minnesota: Life Matters. 2001.

  • Place hold
  • Print
  • Cite
  • Add to your cart (remove)
  • Save record
    BIBTEX Dublin Core MARCXML MARC (non-Unicode/MARC-8) MARC (Unicode/UTF-8) MARC (Unicode/UTF-8, Standard) MODS (XML) RIS
  • More searches
    Search for this title in:
    Other Libraries (WorldCat) Other Databases (Google Scholar) Online Stores (Bookfinder.com) Open Library (openlibrary.org)

Exporting to Dublin Core...

SOUTHVILLE LIBRARY

Southville International School and Colleges Library

1281 Tropical Ave. Cor. Luxembourg St., BF Homes International, Las Pinas City

Tel. No. 8256374 / 252358 Loc. 117/146

Powered by Koha